000
00253nam a2200097Ia 4500
008
250110s9999 xx 000 0 und d
041
_a
eng
100
_a
Rahinj Sayali
_9
211055
245
_a
P{ara Jig For Hybrid Glulam:
260
_b
BNCA M Arch m Digital
999
_c
364770
_d
364770